| 000 | 01014pam a2200313 a 4500 | ||
|---|---|---|---|
| 001 | 3841896 | ||
| 003 | SISC | ||
| 005 | 20160406134120.0 | ||
| 008 | 871028s1988 caua b 001 0 eng | ||
| 010 | _a 87032040 | ||
| 020 |
_a0803931832 _c$27.50 |
||
| 040 |
_aDLC _cDLC _dDLC |
||
| 050 | 0 | 0 |
_aHB 849.41 _b.T48 1988 |
| 082 | 0 | 0 |
_aHS 303.44 _bT22 1988 |
| 100 | 1 |
_aTeune, Henry. _914820 |
|
| 245 | 1 | 0 |
_aGrowth / _cHenry Teune. |
| 260 |
_aNewbury Park, Calif. : _bSage Publications, _cc1988. |
||
| 300 |
_a141 p. : _bill. ; _c23 cm. |
||
| 440 | 0 |
_aSage library of social research ; _vv. 167 _914821 |
|
| 650 | 0 |
_aPopulation. _914822 |
|
| 650 | 0 |
_aEconomic development. _911883 |
|
| 856 | 4 | 2 |
_3Publisher description _uhttp://www.loc.gov/catdir/enhancements/fy0654/87032040-d.html |
| 856 | 4 | 1 |
_3Table of contents only _uhttp://www.loc.gov/catdir/enhancements/fy0654/87032040-t.html |
| 906 |
_a7 _bcbc _corignew _d1 _eocip _f19 _gy-gencatlg |
||
| 942 |
_2lcc _cBK |
||
| 999 |
_c208 _d208 |
||